[Event "Open Leisure Tournament"]
[Site "SchemingMind.com"]
[Date "2008.08.04"]
[Round "-"]
[White "karahan676"]
[Black "Theodoric"]
[Result "0-1"]
[WhiteCountry "TUR"]
[BlackCountry "ENG"]
[WhiteElo "1855"]
[WhiteRD "138"]
[BlackElo "2080"]
[BlackRD "72"]
[GameID "166050"]

1. e4 e6 2. d4 d5 3. Nc3 Bb4 4. e5 c5 5. a3 Bxc3+ 6. bxc3 Ne7 7. Qg4 Nf5 8. Bd3 h5 9. Qf4 Nc6 10. Nf3 Nce7
11. O-O Qa5 12. Qd2 c4 13. Be2 h4 14. h3 Bd7 15. Ng5 f6 16. exf6 gxf6 17. Nf3 O-O-O 18. Bb2 Qc7 19. a4 e5 20. Ba3 Rhg8
21. dxe5 fxe5 22. Rfe1 Ng6 23. Bc1 Nf4 24. Bf1 Nxh3+ 25. Kh1 e4 26. gxh3 exf3 27. Qf4 Qxf4 28. Bxf4 Rg6
0-1

[Event "Open Leisure Tournament"]
[Site "SchemingMind.com"]
[Date "2008.08.18"]
[Round "-"]
[White "Parne"]
[Black "z"]
[Result "0-1"]
[WhiteCountry "SWE"]
[BlackCountry "IRQ"]
[WhiteElo "1446"]
[WhiteRD "88"]
[BlackElo "1748"]
[BlackRD "59"]
[GameID "167510"]

1. d4 d5 2. c4 e6 3. cxd5 exd5 4. Nc3 Nf6 5. Bg5 Be7 6. Nf3 O-O 7. Ne5 c6 8. e3 Nfd7 9. Bxe7 Qxe7 10. Nxd7 Nxd7
11. Bd3 f5 12. O-O Nf6 13. Qf3 Ne4 14. Bxe4 fxe4 15. Qe2 Rf6 16. f3 exf3 17. Rxf3 Bg4 18. Rxf6 Bxe2
0-1

[Event "Open Leisure Tournament"]
[Site "SchemingMind.com"]
[Date "2008.08.18"]
[Round "-"]
[White "z"]
[Black "Parne"]
[Result "1-0"]
[WhiteCountry "IRQ"]
[BlackCountry "SWE"]
[WhiteElo "1754"]
[WhiteRD "60"]
[BlackElo "1428"]
[BlackRD "90"]
[GameID "167521"]

1. e4 e5 2. Nf3 Nc6 3. Bb5 Nd4 4. Ba4 Nxf3+ 5. Qxf3 Nf6 6. O-O c6 7. Re1 Bc5 8. c3 O-O 9. d3 d5 10. Bg5 dxe4
11. Rxe4 Qe7 12. Nd2 b5 13. Bc2 h6 14. Bxf6 Qxf6 15. Qg3 Re8 16. Nf3 Bd6 17. Rae1 Bf5 18. R4e3 e4 19. Qh4 Qxc3 20. bxc3 exf3
21. Rxe8+
1-0

[Event "Open Leisure Tournament"]
[Site "SchemingMind.com"]
[Date "2008.10.01"]
[Round "-"]
[White "z"]
[Black "smothered mate"]
[Result "1-0"]
[WhiteCountry "IRQ"]
[BlackCountry "POL"]
[WhiteElo "1779"]
[WhiteRD "62"]
[BlackElo "1886"]
[BlackRD "52"]
[GameID "173278"]

1. b4 c6 2. Bb2 a5 3. b5 cxb5 4. e3 b4 5. a3 Nc6 6. axb4 Nxb4 7. Nf3 Nf6 8. c4 e6 9. Be2 d5 10. O-O Bd6
11. d4 dxc4 12. Bxc4 O-O 13. Nbd2 Bd7 14. Qb1 b5 15. Be2 Qb8 16. e4 Bf4 17. Bc3 Rc8 18. Bxb4 axb4 19. Qxb4 Rc2 20. Bd3 Rca2
21. Rxa2 Rxa2 22. Rb1 g5 23. Nb3 Ng4 24. e5 Nxf2 25. Bf1 Be3 26. Qe1 Nh3+ 27. Kh1= Bf2 28. Qc1 Qa8 29. Nxg5 Ng1 30. Qf4 Be8
31. Ne4 Ne2 32. Qg4+ Kh8 33. Bxe2 Be3 34. Bf3 Bc6 35. Nf6 Bxf3 36. gxf3 Qf8 37. Nc1 Rf2 38. Nd3 Rd2 39. Qe4 Rxh2+ 40. Kxh2 Qh6+
41. Kg2 Qg5+ 42. Ng4 h5 43. Rh1 Kg7 44. Qxe3
1-0

[Event "Open Leisure Tournament"]
[Site "SchemingMind.com"]
[Date "2008.10.01"]
[Round "-"]
[White "smothered mate"]
[Black "z"]
[Result "1-0"]
[WhiteCountry "POL"]
[BlackCountry "IRQ"]
[WhiteElo "1931"]
[WhiteRD "51"]
[BlackElo "1754"]
[BlackRD "60"]
[GameID "173285"]

1. d4 f5 2. g4 d6 3. h3 c5 4. dxc5 Qa5+ 5. c3 Qxc5 6. Be3 Qc7 7. Na3 a6 8. Qb3 e5 9. Bg2 Nc6 10. Bb6 Qe7
11. Nc4 Be6 12. gxf5 Bxf5 13. Bd5 Nf6 14. Ne3 Be4 15. Bxe4 Nxe4 16. Nd5 Qh4 17. Nf3 Qxf2+ 18. Bxf2
1-0

[Event "Open Leisure Tournament"]
[Site "SchemingMind.com"]
[Date "2008.12.17"]
[Round "-"]
[White "bodek77"]
[Black "griffimv"]
[Result "0-1"]
[WhiteCountry "POL"]
[BlackCountry "INT"]
[WhiteElo "1890"]
[WhiteRD "82"]
[BlackElo "2392"]
[BlackRD "88"]
[GameID "183143"]

1. e4 c5 2. Nf3 d6 3. d4 cxd4 4. Nxd4 Nf6 5. Nc3 a6 6. Bg5 e6 7. f3 Be7 8. Qd2 Qc7 9. O-O-O Nbd7 10. g3 O-O
11. a3 b5 12. Bxf6 Bxf6 13. f4 Bb7 14. Bg2 Nb6 15. Nde2 Nc4 16. Qd3 Qc5 17. Bf3 b4 18. Na4 Qb5 19. b3 Rac8 20. bxc4 Qxa4
21. Qb3 Qxa3+ 22. Qxa3 bxa3 23. c3 Rxc4 24. Kc2 Bxe4+ 25. Bxe4 Rxe4 26. Nd4 Rc8 27. Kb3 Re3 28. Kxa3 Rcxc3+ 29. Kb4 Rc5
0-1

[Event "Open Leisure Tournament"]
[Site "SchemingMind.com"]
[Date "2008.12.17"]
[Round "-"]
[White "griffimv"]
[Black "bodek77"]
[Result "1-0"]
[WhiteCountry "INT"]
[BlackCountry "POL"]
[WhiteElo "2341"]
[WhiteRD "97"]
[BlackElo "1897"]
[BlackRD "80"]
[GameID "183153"]

1. e4 e5 2. Nf3 Nc6 3. Bb5 a6 4. Ba4 Nf6 5. O-O Bc5 6. c3 O-O 7. d4 exd4 8. cxd4 Be7 9. e5 Nd5 10. Bb3 Nb6
11. d5 Nb8 12. Nc3 d6 13. e6 fxe6 14. dxe6 Rf6 15. Ng5 Qe8 16. f4 Qc6 17. Be3 Nc4 18. Qd3 Bxe6 19. Nxe6 Rxe6 20. Bxc4
1-0

[Event "Open Leisure Tournament"]
[Site "SchemingMind.com"]
[Date "2009.01.17"]
[Round "-"]
[White "rao"]
[Black "flodur"]
[Result "0-1"]
[WhiteCountry "INT"]
[BlackCountry "AUS"]
[WhiteElo "1611"]
[WhiteRD "84"]
[BlackElo "2122"]
[BlackRD "83"]
[GameID "187473"]

1. e4 c5 2. Bc4 Nc6 3. Qf3 Ne5 4. Qf5 Nxc4 5. Qxc5 Nb6 6. d3 e6 7. Qe3 d5 8. Nf3 Ne7 9. Nc3 Nc6 10. a3 d4
11. Qf4 dxc3 12. bxc3 Qf6 13. Qxf6 gxf6 14. Be3 Na4 15. Bd2 h5 16. d4 Bh6 17. c4 Bxd2+ 18. Kxd2 Rg8 19. d5 Ne5 20. Nxe5 fxe5
21. c3 Bd7 22. g3 Nc5 23. f3 Nb3+ 24. Kc2 Nxa1+ 25. Rxa1 Ba4+ 26. Kd2 Rc8 27. Kd3 Bb3 28. Rb1 Bxc4+ 29. Kd2 b6 30. a4 exd5
31. exd5 Rd8 32. Ke3 Rxd5 33. Ke4 f5+ 34. Kxf5 Bd3+ 35. Ke6 Rc5 36. Kf6 Rg6#
0-1

[Event "Open Leisure Tournament"]
[Site "SchemingMind.com"]
[Date "2009.01.17"]
[Round "-"]
[White "flodur"]
[Black "rao"]
[Result "1-0"]
[WhiteCountry "AUS"]
[BlackCountry "INT"]
[WhiteElo "2122"]
[WhiteRD "83"]
[BlackElo "1611"]
[BlackRD "84"]
[GameID "187477"]

1. e4 e5 2. Nf3 Nc6 3. Bb5 Nd4 4. Nxd4 exd4 5. O-O c6 6. Ba4 b5 7. Bb3 Bd6 8. e5 Bc5 9. a4 Nh6 10. Qh5 Qe7
11. axb5 cxb5 12. Bd5 O-O 13. Bxa8 Ba6 14. Rxa6 Rxa8 15. d3 Bb6 16. Bxh6 gxh6 17. Nd2 Qe6 18. Ne4 Qg6 19. Nf6+ Kg7 20. Qxg6+ hxg6
21. Nxd7 Bc7 22. Rc6 Ba5 23. Ra1 Bb4 24. Raa6 Be7 25. Kf1 h5 26. Ke2 Kh6 27. Rc7 b4 28. b3 Bd8 29. Raxa7 Rb8 30. Nxb8 Bxc7
31. Rxc7 Kg5 32. Rxf7 h4 33. Kf3 h3 34. g3 Kh6 35. Kg4 g5 36. Kf5 g4 37. Nc6 Kh5 38. Rh7#
1-0

[Event "Open Leisure Tournament"]
[Site "SchemingMind.com"]
[Date "2009.03.19"]
[Round "-"]
[White "Schaakmaatje"]
[Black "flodur"]
[Result "1-0"]
[WhiteCountry "NED"]
[BlackCountry "AUS"]
[WhiteElo "1674"]
[WhiteRD "50"]
[BlackElo "1795"]
[BlackRD "74"]
[GameID "196420"]

1. e4 c5 2. Nf3 Nc6 3. Bb5 e6 4. c3 Nge7 5. d4 Qb6 6. Be2 cxd4 7. cxd4 d5 8. Nc3 dxe4 9. Nxe4 Nd5 10. O-O Be7
11. a3 O-O 12. Bc4 Qd8 13. Be3 a6 14. Rc1 b5 15. Be2 Bb7 16. Nc5 Bxc5 17. Rxc5 Qd6 18. Qc1 Rac8 19. Qc2 Nb8 20. Ne5 f6
21. Nd3 Nd7 22. Rxc8 Rxc8 23. Qd2 Nxe3 24. fxe3 e5 25. Nf2 Nf8 26. Bf3 Bxf3 27. gxf3 exd4 28. Qxd4 Qxd4 29. exd4 Rd8 30. Rd1
1-0

[Event "Open Leisure Tournament"]
[Site "SchemingMind.com"]
[Date "2009.03.19"]
[Round "-"]
[White "flodur"]
[Black "Schaakmaatje"]
[Result "1-0"]
[WhiteCountry "AUS"]
[BlackCountry "NED"]
[WhiteElo "2083"]
[WhiteRD "89"]
[BlackElo "1775"]
[BlackRD "50"]
[GameID "196426"]

1. e4 c5 2. Nf3 Nc6 3. d4 cxd4 4. Nxd4 Nf6 5. Nc3 d6 6. Bg5 e6 7. Qd2 Be7 8. O-O-O O-O 9. f4 Ne8 10. Bxe7 Qxe7
11. Ndb5 a6 12. Nxd6 Nxd6 13. Qxd6 Qxd6 14. Rxd6 Rd8 15. Rxd8+ Nxd8 16. e5 Bd7 17. Bd3 Rc8 18. Rd1 Bc6 19. Be4 Kf8 20. Rd3 Ke7
21. b3 Be8 22. Kb2 Bc6 23. a3 f5 24. exf6+ gxf6 25. Rh3 Bxe4 26. Nxe4 Nf7 27. Rxh7
1-0

[Event "Open Leisure Tournament"]
[Site "SchemingMind.com"]
[Date "2009.07.06"]
[Round "-"]
[White "smothered mate"]
[Black "griffimv"]
[Result "0-1"]
[WhiteCountry "POL"]
[BlackCountry "INT"]
[WhiteElo "1914"]
[WhiteRD "62"]
[BlackElo "2382"]
[BlackRD "78"]
[GameID "210932"]

1. e4 c5 2. c3 Nf6 3. e5 Nd5 4. g3 d6 5. exd6 Qxd6 6. Bg2 Nc6 7. Nf3 Bf5 8. Qe2 g6 9. Na3 Bg7 10. Nc4 Qc7
11. a4 Rd8 12. Nh4 Nf4 13. gxf4 Bd3 14. Qe3 Bxc4 15. f5 Ne5 16. d4 cxd4 17. cxd4 Ng4 18. Qg3 Bxd4 19. Qxg4 Bc3+ 20. bxc3 Qe5+
0-1

[Event "Open Leisure Tournament"]
[Site "SchemingMind.com"]
[Date "2009.08.11"]
[Round "-"]
[White "bernadjm"]
[Black "Theodoric"]
[Result "1-0"]
[WhiteCountry "ESP"]
[BlackCountry "ENG"]
[WhiteElo "2310"]
[WhiteRD "108"]
[BlackElo "1990"]
[BlackRD "68"]
[GameID "215032"]

1. e4 e6 2. d4 d5 3. Nd2 Nf6 4. Bd3 dxe4 5. Nxe4 Nbd7 6. Qe2 Bb4+ 7. c3 Ba5 8. Nf3 h6 9. O-O O-O 10. Nxf6+ Qxf6
11. g4 g5 12. h4 gxh4 13. g5 Qg7 14. Kh2 h5 15. Rg1 Rd8 16. g6
1-0

[Event "Open Leisure Tournament"]
[Site "SchemingMind.com"]
[Date "2009.08.11"]
[Round "-"]
[White "Theodoric"]
[Black "bernadjm"]
[Result "0-1"]
[WhiteCountry "ENG"]
[BlackCountry "ESP"]
[WhiteElo "1948"]
[WhiteRD "69"]
[BlackElo "2319"]
[BlackRD "110"]
[GameID "215040"]

1. e4 e6 2. d4 d5 3. Nc3 dxe4 4. Nxe4 Nd7 5. Nf3 Ngf6 6. Bg5 h6 7. Nxf6+ Nxf6 8. Bh4 c5 9. Bb5+ Bd7 10. Bxd7+ Qxd7
11. dxc5 Qxd1+ 12. Rxd1 Bxc5 13. O-O Ke7 14. Bxf6+ gxf6 15. Rd3 Rad8 16. Rfd1 Rxd3 17. Rxd3 f5 18. Ne5 Rc8 19. Rd7+ Ke8 20. Rxb7 Bd4
21. Nd3 Rxc2 22. h3 Rd2 23. Rb3 e5 24. Kh2 e4 25. Nf4 Rxf2 26. Rb8+ Kd7 27. Kg3 e3 28. Nd3 e2 29. Rb7+ Kd6 30. Rxf7 Rf1
31. Rh7 Be5+ 32. Kh4 Rd1 33. Rxh6+ Kd5
0-1

[Event "Open Leisure Tournament"]
[Site "SchemingMind.com"]
[Date "2009.12.05"]
[Round "-"]
[White "Schaakmaatje"]
[Black "bernadjm"]
[Result "0-1"]
[WhiteCountry "NED"]
[BlackCountry "ESP"]
[WhiteElo "1724"]
[WhiteRD "49"]
[BlackElo "2331"]
[BlackRD "118"]
[GameID "228713"]

1. e4 e6 2. d4 d5 3. Nd2 dxe4 4. Nxe4 Bd7 5. Nf3 Bc6 6. Bd3 Nd7 7. Bf4 Ngf6 8. Qe2 Nxe4 9. Bxe4 Bxe4 10. Qxe4 c6
11. O-O Nf6 12. Qe5 Be7 13. Rad1 O-O 14. c4 Qb6 15. b3 Rfd8 16. Qc7 Bb4 17. Qxb6 axb6 18. a4 b5 19. axb5 cxb5 20. h3 Ra3
21. cxb5 h6 22. Rd3 Nd5 23. Bc7 Nxc7
0-1

[Event "Open Leisure Tournament"]
[Site "SchemingMind.com"]
[Date "2009.12.05"]
[Round "-"]
[White "bernadjm"]
[Black "Schaakmaatje"]
[Result "1-0"]
[WhiteCountry "ESP"]
[BlackCountry "NED"]
[WhiteElo "2322"]
[WhiteRD "118"]
[BlackElo "1680"]
[BlackRD "47"]
[GameID "228723"]

1. e4 e6 2. d4 d5 3. Nd2 Nf6 4. e5 Nfd7 5. Bd3 c5 6. c3 Nc6 7. Ne2 cxd4 8. cxd4 Be7 9. O-O f6 10. Nf4 Nxd4
11. Nb3 Nxe5 12. Nxd4 Nxd3 13. Qh5+
1-0

[Event "Open Leisure Tournament"]
[Site "SchemingMind.com"]
[Date "2010.04.11"]
[Round "-"]
[White "griffimv"]
[Black "bernadjm"]
[Result "0-1"]
[WhiteCountry "INT"]
[BlackCountry "ESP"]
[WhiteElo "2057"]
[WhiteRD "89"]
[BlackElo "2415"]
[BlackRD "116"]
[GameID "244601"]

1. e4 e6 2. d4 d5 3. Nc3 dxe4 4. Nxe4 Nd7 5. Nf3 Ngf6 6. Nxf6+ Nxf6 7. Bd3 c5 8. O-O cxd4 9. Nxd4 Bc5 10. Nf3 O-O
11. Bg5 b6 12. Qe2 Bb7 13. Rad1 Qc7 14. Bxf6 gxf6 15. Be4 Bxe4= 16. Qxe4 Kh8
0-1

[Event "Open Leisure Tournament"]
[Site "SchemingMind.com"]
[Date "2010.04.11"]
[Round "-"]
[White "bernadjm"]
[Black "griffimv"]
[Result "1-0"]
[WhiteCountry "ESP"]
[BlackCountry "INT"]
[WhiteElo "2415"]
[WhiteRD "116"]
[BlackElo "2057"]
[BlackRD "89"]
[GameID "244604"]

1. e4 c5 2. Nf3 d6 3. d4 cxd4 4. Nxd4 Nf6 5. Nc3 a6 6. Be3 e5 7. Nb3 Be6 8. f3 Be7 9. Qd2 O-O 10. O-O-O Nbd7
11. g4 b5 12. g5 b4 13. Ne2 Ne8 14. Kb1 a5 15. Nbc1 a4 16. Ng3 Nc7 17. f4 exf4 18. Bxf4
1-0